000 00506cam a22001931i 4500
001 sa 64003521
003 DLC
005 20260227112018.0
008 830310s1962 io 000 0 ind
010 _asa 64003521
035 _a(OCoLC)9297251
040 _aDLC
_cOAU
_dDLC
042 _apremarc
050 0 0 _aPL5089.A1
_bS4
245 0 0 _aSebuah tjap keradjaan /
_cditjeritakan oleh O. K. T.
260 _aDjakarta :
_bMekar Djaja,
_c1962.
300 _a11 pts. in 1 v. ;
_c18 cm.
700 1 _aT., O. K.
999 _c57986
_d57986